| 000 | 00482nam a22001577a 4500 | ||
|---|---|---|---|
| 999 |
_c1654 _d1654 |
||
| 003 | OSt | ||
| 005 | 20180919130005.0 | ||
| 008 | 180919b ||||| |||| 00| 0 eng d | ||
| 040 | _cDLC | ||
| 082 |
_aREF 202 _bW899O |
||
| 245 |
_aOld Testament Handbook : _bA Companion Piece For The Audio or Video Tape Series / _cWoodward, Dick |
||
| 260 |
_aHampton, USA : _bInternational Cooperating Ministries, _cc1995. |
||
| 300 | _a736 p.: | ||
| 630 | _aOld Testament Commentry | ||
| 942 |
_2ddc _cREF |
||